• 首页
  • 本馆介绍
  • 公告通知
  • 最新文献
  • 馆藏检索
  • 电子资源
  • 读者导购
  • 参考咨询
  • 我的图书馆
  • 登录
  • 详细信息显示
  • 放入我的书架
  • 预约/预借图书
  • 作者相关作品
  • 分类相关作品
  • 丛书相关作品
  • 出版社相关作品

书目信息

  • 表格格式
  • 工作单格式
  • 卡片格式
题名:
历史文化名城与数字媒体广告创意研究
    
 
作者: 刘慧 著
分册:  
出版信息: 长春   东北师范大学出版社  2018
页数: 189页
开本: 24cm
丛书名:
单 册:
中图分类: K915 , F713.8
科图分类:
主题词: 文化名城--关系--传播媒介--广告--研究
电子资源:
ISBN: 978-7-5681-3728-7
000 00951nam0 2200241 450
001 012001011850
005 20141123104257.0
010    @a978-7-5681-3728-7@dCNY43.00
100    @a20181129d2018 em y0chiy50 ea
101 0  @achi
102    @aCN@b220000
105    @aa z 000yy
106    @ar
200 1  @a历史文化名城与数字媒体广告创意研究@9li shi wen hua ming cheng yu shu zi mei ti guang gao chuang yi yan jiu@f刘慧著
210    @a长春@c东北师范大学出版社@d2018
215    @a189页@c图@d24cm
330    @a本书分为七章,内容包括:历史文化名城概述、历史文化名城的形成因素、历史文化名城的物质与文化构成、数字媒体时代广告创意思路的研究、历史文化名城与数字媒体广告创意的关系、历史文化名城广告创意的分类、历史文化名城数字媒体广告创意的策略。
606 0  @a文化名城@x关系@x传播媒介@x广告@x研究
690    @aK915@v5
690    @aF713.8@v5
701  0 @a刘慧@9liu hui@c(女)@4著
801  0 @aCN@b上海新华@c20191020
905    @b1184531-3@dK915@e270@f3
    
    历史文化名城与数字媒体广告创意研究/刘慧著.-长春:东北师范大学出版社,2018
    189页:图;24cm
    
    
    ISBN 978-7-5681-3728-7:CNY43.00
    本书分为七章,内容包括:历史文化名城概述、历史文化名城的形成因素、历史文化名城的物质与文化构成、数字媒体时代广告创意思路的研究、历史文化名城与数字媒体广告创意的关系、历史文化名城广告创意的分类、历史文化名城数字媒体广告创意的策略。
●
相关链接 在E读中查询图书 在五车中查询图书 在当当中查询图书 在豆瓣中查询图书


正题名:历史文化名城与数字媒体广告创意研究     索取号:K915/270         预约/预借

序号 登录号 条形码 馆藏地/架位号 状态 备注
1 1184531   211845315   第二样本阅览室/ [索取号:K915/270] 在馆    
2 1184532   211845324   第二借阅区/ [索取号:K915/270] 在馆    
3 1184533   211845333   第二借阅区/ [索取号:K915/270] 在馆    
唐山师范学院图书馆 欢迎您!
大连网信软件有限公司© 版权所有